| 000 | 00373pab a2200145 454500 | ||
|---|---|---|---|
| 008 | 180718b2001 xxu||||| |||| 00| 0 eng d | ||
| 100 | _aBagchi, Sanjoy | ||
| 245 | _aEnd of quantitative import restrictions: unfounded fears | ||
| 260 | _c2001 | ||
| 300 | _ap.1500-502 | ||
| 362 | _a5 May | ||
| 650 | _aImports | ||
| 773 | _aEconomic and Political Weekly | ||
| 909 | _a48155 | ||
| 999 |
_c48155 _d48155 |
||